| 000 | 01347cam3a220039701 4500 | ||
|---|---|---|---|
| 999 |
_c216477 _d216477 |
||
| 001 | lce00799361 | ||
| 003 | OSt | ||
| 005 | 20260324115900.0 | ||
| 008 | 730221s1972 enk 000 0 eng | ||
| 010 | _a 72171829 //r913 | ||
| 015 | _aB72-25178 | ||
| 020 | _a0950154644 | ||
| 035 | _a(Sirsi) r79281 | ||
| 035 | _a(DLC) 72171829 //r913 | ||
| 035 | _a(UPRA)lce00799361 | ||
| 040 |
_aLC _cUNZA _eRDA |
||
| 043 |
_ae------ f------ _ae------ f------ |
||
| 050 | 0 | 0 |
_aHC 800 _bROD 1972 |
| 082 | 0 | 0 | _a330.9/6 |
| 100 | 1 |
_aRodney, Walter. _eauthor |
|
| 245 | 1 | 0 |
_aHow Europe underdeveloped Africa / _cWalter Rodney. |
| 260 |
_aLondon : _bBogle-L'Ouverture Publications, _c1972. |
||
| 300 | _a316 pages. | ||
| 650 |
_aAfrica _vEconomic conditions. |
||
| 650 |
_aAfrica _vColonial influence. |
||
| 650 |
_aAfrica _vForeign economic relations _zEurope. |
||
| 942 |
_2lcc _cBOOK |
||
| 949 |
_aHC502 _wlcc _i-109133 _mMAIN _tBOOK _lON-SHELF |
||
| 949 |
_aHC502 _wlcc _i-109134 _mMAIN _tBOOK _lON-SHELF |
||
| 949 |
_aHC502 _wlcc _i-109135 _mMAIN _tBOOK _lON-SHELF |
||
| 949 |
_aHC502 _wlcc _i-109136 _mMAIN _tBOOK _lON-SHELF |
||
| 949 |
_aHC502 _wlcc _i-109137 _mMAIN _tBOOK _lON-SHELF |
||
| 949 |
_aHC502 _wlcc _i-109138 _mMAIN _tBOOK _lON-SHELF |
||
| 949 |
_aHC502 _wlcc _i-109139 _mMAIN _tBOOK _lON-SHELF |
||
| 949 |
_aHC502 _wlcc _i-109140 _mMAIN _tBOOK _lON-SHELF |
||